Scottish Teams that have played in Europe - Statistics

General Stats
  • This quiz has been taken 21 times
  • The average score is 14 of 17
Answer Stats
Answer % Correct
Aberdeen
100%
Rangers
100%
Dundee
95%
Heart of Midlothian
95%
Celtic
90%
Dundee United
86%
Motherwell
86%
St Mirren
86%
Hibernian
81%
St Johnstone
81%
Kilmarnock
76%
Partick Thistle
76%
Dunfermline Athletic
71%
Airdrieonians
62%
Raith Rovers
62%
Livingston
57%
Morton
52%
No matching quizzes found
Score Distribution
Percent of People with Each Score
Percentile by Number Answered
Your Score History
You have not taken this quiz